000 00737nam a2200241Ia 4500
003 GCL
008 140319s9999 xx 000 0 ara d
020 _a2017358977
040 _aGCL /
_cGCL
082 0 4 _aم
_b001.503
_bم م
100 1 _aمحمد منير حجاب
245 1 0 _aالموسوعة الاعلامية /
_cمحمد منير حجاب
250 _aالاولى
260 _aالقاهرة :
_bدار الفجر للنشر والتوزيع ،
_c2003
300 _a7 مج ؛
_c24 سم
650 0 4 _aالاعلان
650 0 4 _aالصحافة
650 0 4 _aالاعلام
650 0 4 _aوسائل الاعلام
650 0 4 _aالراى العام
650 0 4 _aالاعلام - موسوعة
942 _2ddc
_cBK
999 _c5931
_d5931